000 00486cab a2200181 4500
001 X1927
008 090401t1995 xxu||||| |||| 00| 0 eng d
035 _a(Sirsi) u20394
041 _aeng
245 _aBenevolent Fund: new appeal
260 _c1995
350 _a0
490 _aCSM (Chartered Surveyor Monthly)
_v4(4) February 1995, 7(1)
650 _aABOUT RICS-RELATED ORGANISATIONS-RICS BENEVOLENT FUND
690 _aECONOMIC AND SOCIAL
942 _n0
948 _c04/03/1997
999 _c13663
_d13663